Roman and Greek Olympian Gods and Goddesses - Statistics

General Stats
  • This quiz has been taken 208 times
  • The average score is 32 of 41
Answer Stats
Equivalents Hint Answer % Correct
Roman King of gods Jupiter
99%
Greek God of gods and ruler of Mount Olympus Zeus
98%
Greek King of the underworld and god of death Hades
97%
Roman God of the sun Apollo
96%
Greek God of light, plague, healing, music, poetry, prophecy among others Apollo
96%
Greek God of war and bloodshed Ares
96%
Roman God of war Mars
96%
Roman Goddess of love Venus
96%
Greek Goddess of wisdom, skill, warfare and tactics Athena
95%
Greek God of wine, parties, festivals, madness and ecstasy Dionysus
95%
Greek Queen of heavens and goddess of marriage, women and childbirth Hera
95%
Roman God of sea Neptune
95%
Greek Goddess of love, beauty and desire Aphrodite
94%
Greek God of rivers, sea, floods, droughts and earthquakes Poseidon
93%
Greek Goddess of hunting, wilderness, animals and childbirth Artemis
92%
Roman God of travel and messages Mercury
92%
Greek god of travel, thiefs, animal husbandry, writing, trade and many others Hermes
91%
Roman God of death Pluto
90%
Roman God of wine Bacchus
89%
Roman God of love Cupid
88%
Greek Goddess of farming, the harvest and fertility Demeter
88%
Greek God of fire, metalworking and crafts Hephaestus
88%
Greek Goddess of the underworld Persephone
88%
Greek Goddess of the hearth, home and chastity Hestia
87%
Roman Goddess of the moon Diana
86%
Greek God of love and attraction Eros
85%
Greek Mother earth Gaia
84%
Roman Queen of gods Juno
84%
Roman Goddess of wisdom Minerva
81%
Roman God of the smiths and maker of thunderbolts Vulcan
79%
Roman Goddess of the home Vesta
69%
Roman Goddess of earth Ceres
66%
Roman God of time Saturn
63%
Greek God of time Chronos
59%
Greek The shadowy figure right at the start of creation Uranus
55%
Roman God of doors and pathways Janus
45%
Roman Goddess of the underworld Proserpine
24%
Roman Goddess of flowers Flora
16%
Roman God of the sky Caelus
13%
Roman Mother earth and goddess of growth Maia
10%
Greek Goddess of spring Chloris
7%
No matching quizzes found
Score Distribution
Percent of People with Each Score
Percentile by Number Answered
Your Score History
You have not taken this quiz